000 00607cam a2200217 4500500
005 20260329003649.0
041 _afre
042 _adc
100 1 0 _aHuneman, Philippe
_eauthor
245 0 0 _aNaissance d’une (r)évolution
260 _c2016.
500 _a56
690 _aDarwin
690 _aÉvolution
690 _aHomme
690 _aNature
690 _aSélection
690 _aVivant
786 0 _nPhilosophie magazine | 101 | 7 | 2016-07-01 | p. 52-53 | 1951-1787
856 4 1 _uhttps://shs.cairn.info/magazine-philosophie-magazine-2016-7-page-52?lang=fr&redirect-ssocas=7080
999 _c1826538
_d1826538